| 000 | 00401nam a2200157Ia 4500 | ||
|---|---|---|---|
| 008 | 151015s9999 xx 000 0 und d | ||
| 020 | _a082645500x | ||
| 050 | _aHF5667.M 2002 | ||
| 245 | _aMillichamp Alan | ||
| 250 | _a_Auditing Alan Millichamp | ||
| 260 | _a8th ed. | ||
| 300 | _aLondon Continuum 2002 | ||
| 500 | _aIncludes index | ||
| 650 | _a_Audit | ||
| 700 | _a^d20110727 11:43:28^oanne | ||
| 999 |
_c269 _d269 |
||